| Registos Bibliográficos associados ao registo de autoridade |
|
Etiqueta de registo: 00254nam 2200025 450 001 2224614 003 http://id.bnportugal.gov.pt/bib/catbnp/2224614 010 ## $a978-989-33-7239-5 021 ## $aPT$b543250/25 100 ## $a20250828d2025 m y0pory01030103ba 101 0# $apor$aeng 102 ## $aPT 105 ## $aa b 000yy 106 ## $ar 200 1# $aComo vos vejo, fotografia de César Mourão$ftextos Ana Cristina Baptista, César Mourão$gtrad. José Roseira 210 #9 $a[S.l.]$cRomanti Casino Azores,$d2025 215 ## $a35 p.$cil.$d23 cm 305 ## $aEd. bilingue em português e inglês 675 ## $a77Mourão, César(083.82)$vBN$zpor$31966090 675 ## $a77.04(=1:469)"20"(083.82)$vBN$zpor$31493140 700 #1 $aMourão,$bCésar$31883893 701 #1 $92$aBaptista,$bAna Cristina$4070$31964976 702 #1 $aRoseira,$bJosé$4730$31453255 801 #0 $aPT$bBN$gRPC 856 41 $uhttp://rnod.bnportugal.gov.pt/ImagesBN/winlibimg.aspx?skey=&doc=2224614&img=212204&save=true 900 ## $aBIBNAC$d20250919 966 ## $lBN$mFGMON$sB.A. 52650 V.$x1 966 ## $lBN$mFGMON$sB.A. 52650 V.-D$x1 971 ## $cssilva$d20250828 972 ## $e0$z0$d20250919$vasantos 973 ## $cacosta$d20250911
Etiqueta de registo: 00254nam 2200025 450 001 2279757 003 http://id.bnportugal.gov.pt/bib/catbnp/2279757 010 ## $a978-989-36474-0-0 021 ## $aPT$b554113/25 100 ## $a20260312d2025 m y0pory01030103ba 101 0# $apor$aeng 102 ## $aPT 105 ## $aa b 000yy 106 ## $ar 200 1# $aAzorean dream$eentre o gesto e a paisagem$fMaria Castel-Branco$gtextos Ana Cristina Baptista$gfot. António Azevedo 210 #9 $a[S.l.]$cRomanti Cultura,$d2025 215 ## $a55, [1] p.$cil.$d23 cm 305 ## $aEd. bilingue em português e inglês 675 ## $a738Castel-Branco, Maria(083.82)$vBN$zpor$31993375 675 ## $a738.042/.043(=1:469)"20"(083.82)$vBN$zpor$31993376 702 #1 $aCastel-Branco,$bMaria,$f1973-$4040$31991072 702 #1 $92$aBaptista,$bAna Cristina$4070$31964976 702 #1 $94$aAzevedo,$bAntónio$4600$31527271 801 #0 $aPT$bBN$gRPC 856 41 $uhttp://rnod.bnportugal.gov.pt/ImagesBN/winlibimg.aspx?skey=&doc=2279757&img=220726&save=true 900 ## $aBIBNAC$d20260413 966 ## $lBN$mFGMON$sB.A. 53597 V.$x1 966 ## $lBN$mFGMON$sB.A. 53597 V.-D$x1 971 ## $cssilva$d20260312 972 ## $e0$z0$d20260413$vasantos 973 ## $ctrodrigues$d20260325 975 ## $e0$d20260415$viquintas
|
|
|